Business studies 11 X-kit Achieve!/ (Record no. 55682)

MARC details
000 -LEADER
fixed length control field 00753nam a2200253 b 4500
003 - CONTROL NUMBER IDENTIFIER
control field 3228
005 - DATE AND TIME OF LATEST TRANSACTION
control field 20250710102319.0
008 - FIXED-LENGTH DATA ELEMENTS--GENERAL INFORMATION
fixed length control field 230331s9999 xx 000 0 eng d
020 ## - INTERNATIONAL STANDARD BOOK NUMBER
International Standard Book Number <a href="9781775782063">9781775782063</a>
Qualifying information (pbk)
040 ## - CATALOGING SOURCE
Original cataloging agency RDA
Transcribing agency 3228
082 ## - DEWEY DECIMAL CLASSIFICATION NUMBER
Classification number 330 BEAU
942 ## - ADDED ENTRY ELEMENTS
Modifier ID 367
Modifier Name Ellen Msibi
100 ## - MAIN ENTRY--PERSONAL NAME
Personal name Beautement, Vanessa
245 #0 - TITLE STATEMENT
Title Business studies 11 X-kit Achieve!/
Statement of responsibility, etc. Vanessa Beautement.
260 ## - PUBLICATION, DISTRIBUTION, ETC.
Place of publication, distribution, etc. Cape Town :
Name of publisher, distributor, etc. Pearson Education South Africa,
Date of publication, distribution, etc. 2013
300 ## - PHYSICAL DESCRIPTION
Extent vi, 185 pages ;
Dimensions 30 cm.
490 ## - SERIES STATEMENT
Series statement X-Kit Achieve.
650 ## - SUBJECT ADDED ENTRY--TOPICAL TERM
Topical term or geographic name entry element Economics
9 (RLIN) 181142
Form subdivision Business education- problems, exercises, etc
650 ## - SUBJECT ADDED ENTRY--TOPICAL TERM
Topical term or geographic name entry element Business
Form subdivision Business methods, study guides
9 (RLIN) 195142
942 ## - ADDED ENTRY ELEMENTS
Source of classification or shelving scheme Dewey Decimal Classification
942 ## - ADDED ENTRY ELEMENTS
Source of classification or shelving scheme Dewey Decimal Classification
942 ## - ADDED ENTRY ELEMENTS
Source of classification or shelving scheme Dewey Decimal Classification
942 ## - ADDED ENTRY ELEMENTS
item type Book
Source of classification or shelving scheme Dewey Decimal Classification
Holdings
Withdrawn status Lost status Damaged status Not for loan Home library Current library Date acquired Cost, normal purchase price Total Checkouts Barcode Date last seen Price effective from item type Source of classification or shelving scheme Full call number Public note Shelving location Collection code
        Thistle Grove Leandra 08.12.2023     33228017617620 08.12.2023 08.12.2023 Books Dewey Decimal Classification 330 BEAU   General Stacks  
        Secunda Secunda 10.07.2025 350.00   069059 10.07.2025 10.07.2025 Book Dewey Decimal Classification ST 650 BEAU   Non Fiction 600: Technology & Applied Science
        Thusiville Public LIbrary Thusiville Public LIbrary 17.08.2021 69.03   3322830162507 17.08.2021 17.08.2021 Books          
        Thusiville Public LIbrary Thusiville Public LIbrary 17.08.2021 21.99   33228011686076 17.08.2021 17.08.2021 Books          
        eMbalenhle eMbalenhle 31.03.2023     062 852 31.03.2023 31.03.2023 Books Dewey Decimal Classification 330 BEAU ST 330 BEAU